| 000 | 00672nam a22001937a 4500 | ||
|---|---|---|---|
| 003 | OSt | ||
| 005 | 20240531100006.0 | ||
| 008 | 240531b ||||| |||| 00| 0 eng d | ||
| 040 | _cAIMIT LIBRARY | ||
| 100 |
_aB Rahul. _e2016107 _9168761 |
||
| 245 |
_aStudy on financial performance of simran turnkey interior solution Mangalore / _cBy Rahul B ; Guided by Justine P James. |
||
| 260 |
_aMangalore ; _c2022. |
||
| 650 |
_aProblem identification _9168762 |
||
| 650 |
_aResearch methodology _9168763 |
||
| 650 |
_aData analysis and interpretation _9168764 |
||
| 700 |
_aJames, Justine P. _eGuide _9168765 |
||
| 856 | _3Simran turnkey interior solutions | ||
| 942 |
_2ddc _cPRO |
||
| 999 |
_c230988 _d230988 |
||